[Event "UDESC"]
[Site "http://www.queenalice.com/game.php?id=296102"]
[Date "2007.10.31"]
[Round "-"]
[White "TheBigSid"]
[Black "AllanBr"]
[Result "0-1"]
[WhiteElo "1993"]
[BlackElo "1775"]

1. d4 e6 2. c4 Nf6 3. Nc3 c6 4. e4 Bb4 5. Bd3 d5 6. cxd5 exd5 7. e5 Nfd7 8. Ne2
c5 9. a3 Ba5 10. Be3 cxd4 11. Bxd4 Nc6 12. b4 Bb6 13. Bxb6 Qxb6 14. Nxd5 Qd8 15.
e6 fxe6 16. Ne3 O-O 17. O-O Nde5 18. Bc2 b6 19. Bb3 Qe7 20. Qc2 Bb7 21. Qa2 Nd8
22. Nd4 Kh8 23. Nxe6 Nxe6 24. Bxe6 Qg5 25. Bh3 Rf3 26. Kh1 Rxh3 27. f4 Bxg2+ 28.
Nxg2 Qg3 29. Ne3 Nf3 30. Rf2 Rd8 31. Rg2 Rxh2+ 32. Rxh2 Nxh2 33. Qxh2 Qxe3 34.
Rg1 Rd2 35. Qg3 Qxg3 36. Rxg3 Rf2 37. Rc3 h6 38. Rc7 a5 39. bxa5 bxa5 40. Rc5
Rxf4 41. Rxa5 Rf2 42. a4 Ra2 43. Ra6 Kh7 44. a5 h5 45. Ra8 Kh6 46. a6 Kg5 47. a7
Kg4 48. Rg8 Rxa7 49. Rb8 Rf7 50. Kg2 h4 51. Rb3 g5 52. Ra3 Rd7 53. Ra4+ Kh5 54.
Ra2 Rd3 55. Rc2 h3+ 56. Kh2 Kh4 57. Rc8 Rd2+ 58. Kg1 g4 0-1

[Event "UDESC"]
[Site "http://www.queenalice.com/game.php?id=296103"]
[Date "2007.10.31"]
[Round "-"]
[White "AllanBr"]
[Black "TheBigSid"]
[Result "0-1"]
[WhiteElo "1775"]
[BlackElo "1963"]

1. e4 e6 2. d4 d5 3. exd5 exd5 4. Nf3 Nf6 5. Bg5 Bd6 6. c3 O-O 7. Be2 Bf5 8. O-O
Nbd7 9. h3 Re8 10. Re1 c5 11. Bb5 Qb6 12. Na3 Ne4 13. Bh4 c4 14. Ne5 Qc7 15.
Nxd7 Bxd7 16. Bxd7 Qxd7 17. Qf3 Re6 18. Nxc4 Rae8 19. Nxd6 Qxd6 20. Re2 Nd2 0-1

[Event "Let's Play Chess!"]
[Site "http://www.queenalice.com/game.php?id=328023"]
[Date "2007.12.30"]
[Round "-"]
[White "Winsomelosesome"]
[Black "AllanBr"]
[Result "1-0"]
[WhiteElo "1809"]
[BlackElo "1800"]

1. d4 e6 2. c4 Nf6 3. Nc3 c6 4. Bg5 g6 5. e4 Bg7 6. e5 d5 7. exf6 Bxf6 8. Bxf6
Qxf6 9. Nf3 O-O 10. cxd5 cxd5 11. Bd3 Nc6 12. Bb5 Re8 13. Ne5 Rb8 14. Nxc6 bxc6
15. Bxc6 Rxb2 16. O-O Rd8 17. Rb1 Rxb1 18. Nxb1 Ba6 19. Re1 Rb8 20. Nd2 Rb2 21.
Nf3 Rxa2 22. Qb1 Bc4 23. Bb5 Ra3 24. Bxc4 Qf4 25. Qb2 Qd6 26. Be2 a5 27. Ra1
Rxa1+ 28. Qxa1 Qb4 29. h3 a4 30. Ne5 a3 31. Bd3 Qb3 32. Qb1 Qa4 33. Bb5 Qxd4 34.
Nd3 Qc3 35. Nb4 d4 36. Na2 e5 37. Nxc3 1-0

[Event "Challenge"]
[Site "http://www.queenalice.com/game.php?id=340399"]
[Date "2008.1.22"]
[Round "-"]
[White "AllanBr"]
[Black "DRCD"]
[Result "1-0"]
[WhiteElo "1806"]
[BlackElo "1527"]

1. e4 c5 2. Nf3 d6 3. Bc4 e6 4. d3 Nc6 5. O-O Nf6 6. Bg5 Be7 7. Nc3 O-O 8. Re1
Bd7 9. a3 a6 10. h3 b5 11. Ba2 b4 12. axb4 Nxb4 13. Bb3 h6 14. Bf4 e5 15. Bh2
Nc6 16. Nd5 Nxd5 17. Bxd5 Qc7 18. c3 Be6 19. d4 exd4 20. cxd4 cxd4 21. Nxd4 Bxd5
22. exd5 Nxd4 23. Qxd4 Bf6 24. Qb4 Rfd8 25. Rac1 1-0

[Event "Challenge"]
[Site "http://www.queenalice.com/game.php?id=357746"]
[Date "2008.2.20"]
[Round "-"]
[White "AllanBr"]
[Black "nvwinelover"]
[Result "1-0"]
[WhiteElo "1811"]
[BlackElo "1397"]

1. e4 Nf6 2. e5 Nd5 3. Bc4 c6 4. Nf3 b5 5. Bb3 a5 6. a4 Ba6 7. axb5 Bxb5 8. c4
a4 9. cxb5 axb3 10. Rxa8 Nb6 11. Ra7 e6 12. bxc6 Nxc6 13. Ra1 Nb4 14. Qxb3 Qc8
15. O-O N6d5 16. Nc3 Nd3 17. Nxd5 Nc5 18. Nc7+ Qxc7 19. Ra8+ Ke7 20. Qb4 g6 21.
d4 Bg7 22. Rxh8 Bxh8 23. dxc5 f6 24. exf6+ Bxf6 25. c6+ d6 26. Qb7 Kd8 27. Rd1
d5 28. Be3 Bxb2 29. Bb6 Qxb6 30. Qd7# 1-0